| 000 | 00602cam a2200145 4500500 | ||
|---|---|---|---|
| 005 | 20251228073328.0 | ||
| 041 | _afre | ||
| 042 | _adc | ||
| 100 | 1 | 0 |
_aGervais, Colette _eauthor |
| 245 | 0 | 0 | _aBOUSSIERES, P. (coord.) (2004). Les formateurs, dynamiques identitaires et engagements professionnels. Dossier des Sciences de l’Éducation, Revue Internationale des Sciences de l’Éducation, 11 |
| 260 | _c2005. | ||
| 500 | _a2 | ||
| 786 | 0 | _nSavoirs | 8 | 2 | 2005-06-01 | p. 125c-134c | 1763-4229 | |
| 856 | 4 | 1 | _uhttps://shs.cairn.info/revue-savoirs-2005-2-page-125c?lang=fr&redirect-ssocas=7080 |
| 999 |
_c1595040 _d1595040 |
||